BUBT Library Online Catalog

The Design of The UNIX Operating Systems (Record no. 3215)

000 -LEADER
fixed length control field 00519nam a2200205Ia 4500
003 - CONTROL NUMBER IDENTIFIER
control field BUBTL
008 - FIXED-LENGTH DATA ELEMENTS--GENERAL INFORMATION
fixed length control field 151213s9999 xx 000 0 und d
020 ## - INTERNATIONAL STANDARD BOOK NUMBER
International Standard Book Number 81-2030516-7
082 ## - DEWEY DECIMAL CLASSIFICATION NUMBER
Classification number 005.1BAD
100 ## - MAIN ENTRY--PERSONAL NAME
Personal name Bach, Maurice J.
9 (RLIN) 761
245 ## - TITLE STATEMENT
Title The Design of The UNIX Operating Systems
Statement of responsibility, etc. Maurice J. Boch
260 ## - PUBLICATION, DISTRIBUTION, ETC. (IMPRINT)
Place of publication, distribution, etc. New Delhi
Name of publisher, distributor, etc. Prantic Hall
Date of publication, distribution, etc. 1986
300 ## - PHYSICAL DESCRIPTION
Extent 5206 p.
650 ## - SUBJECT ADDED ENTRY--TOPICAL TERM
Topical term or geographic name as entry element Computer
650 ## - SUBJECT ADDED ENTRY--TOPICAL TERM
Topical term or geographic name as entry element Computer
700 ## - ADDED ENTRY--PERSONAL NAME
Personal name Maurice J. Boch
856 ## - ELECTRONIC LOCATION AND ACCESS
Password 0
Logon 0
Link text Download
942 ## - ADDED ENTRY ELEMENTS (KOHA)
Source of classification or shelving scheme
Koha item type Books
Holdings
Withdrawn status Lost status Source of classification or shelving scheme Damaged status Not for loan Collection code Permanent location Current location Shelving location Date acquired Inventory number Total Checkouts Full call number Barcode Date last seen Copy number Price effective from Koha item type
        Not For Loan Non-fiction Bangladesh University of Business and Technology Library Bangladesh University of Business and Technology Library Computer Science Stacks 03/02/2008 5203   005.1BAD BUBTL-20035203 07/24/2016 C-1 07/24/2016 Books
        Not For Loan Non-fiction Bangladesh University of Business and Technology Library Bangladesh University of Business and Technology Library Computer Science Stacks 03/02/2008 5204   005.1BAD BUBTL-20035204 08/06/2016 C-2 08/06/2016 Books

More Information About Library

Library Hours

  • Open: 9.00 am. to 9.00 pm.
  • Only Sunday: 9.00 am. to 6.00 pm.
  • Closed: Holiday

Contact to the University

Bangladesh University of Business and Technology Library

  • Mirpurl-2, 1216.
  • Phone:
  • Fax:
  • E-Mail: admin.library@bubt.edu.bd

Contact to the Library

Contact Person:

Md. Abdul Hakim Shah
Joint Librarian
PABX No:  113
Cell No: 01816332931
E-mail: official: admin.library@bubt.edu.bd
Personal: hakim.shah@bubt.edu.bd


BUBT Library

Copyright © 2021